000 01561nas a2200421 i 4500
001 27237
003 FlNmELB
005 20241216215950.0
006 m o d |
007 cr cnu||||||||
008 140228c20139999ck fr p o 0 b0spa d
022 _a0123-580X
035 _a(OCoLC)949107880
040 _aFINmELB
_bspa
_erda
_cFINmELB
050 4 _aHD28
_bA174 2013
080 _a658(05)
082 0 _a658
_223
100 1 _aAcevedo, Eduardo Norman.
245 1 0 _aPunto de vista /
_cEduardo Enrique Norman (editor).
264 1 _aBogotá :
_bEditorial Politécnico Grancolombiano,
_c2013.
300 _a1 recurso en línea
310 _aSemestral
336 _atexto
_btxt
_2rdacontent/spa
337 _acomputadora
_bc
_2rdamedia/spa
338 _arecurso en línea
_bcr
_2rdacarrier/spa
362 0 _aVolumen 4, número 6 (enero-junio) (2013) -
588 _aDescripción basada en recurso en línea; Título de la página del título en PDF (e-libro, visto February 28, 2014).
590 _aRecurso electrónico. Santa Fe, Arg.: e-libro, 2015. Disponible vía World Wide Web. El acceso puede estar limitado para las bibliotecas afiliadas a e-libro.
650 0 _aManagement
_vPeriodicals.
650 0 _aEconomics
_vPeriodicals.
650 4 _aAdministración.
650 4 _aPublicación periódica.
655 4 _aRevistas electrónicas.
700 1 _aNorman, Eduardo Enrique,
_eeditor.
773 0 _tPunto de vista
_x0123-580X
797 2 _ae-libro, Corp.
856 4 0 _uhttps://elibro.net/ereader/politecnicointernacional/81728
999 _c27237
_d27237